000 00668nam a2200169 a 4500
001 000033039
005 20200930070005.0
008 110808s1967 dr 000 0 spa d
040 _aDO-SdBNP
_bspa
_cBNPHU
082 _axxxx
_bE82c
100 1 _aEstrada Torres, Aristides
_923023
245 1 0 _aCeramica propiciatoria indigena. /
_cAristides Estrada Torres.
260 _aSanto Domingo :
_bInstituto de Investigaciones Antropológicas, Facultad de Humanidades, Universidad Autónoma de Santo Domingo,
_c1967.
300 _a16 p. ;
_c22 cm.
490 1 _aInstituto de Investigaciones Antropológicas
_v1
830 0 _aInstituto de Investigaciones Antropológicas
_v1
_958740
999 _c32530
_d32530